Note sur la constitution géologique des environs de Thèbes / (Record no. 48483)
[ view plain ]
| 000 -LEADER | |
|---|---|
| campo de control de longitud fija | 00750nam a22001935i 4500 |
| 001 - NÚMERO DE CONTROL | |
| campo de control | 48483 |
| 003 - IDENTIFICADOR DE NÚMERO DE CONTROL | |
| campo de control | ES-MaACL |
| 005 - FECHA Y HORA DE LA ÚLTIMA TRANSACCIÓN | |
| campo de control | 20230906161747.0 |
| 007 - CAMPO FIJO DE DESCRIPCIÓN FÍSICA--INFORMACIÓN GENERAL | |
| campo de control de longitud fija | t| |
| 008 - DATOS DE LONGITUD FIJA--INFORMACIÓN GENERAL | |
| campo de control de longitud fija | 950721s1868 fr ||||1| fre d |
| 040 ## - FUENTE DE CATALOGACIÓN | |
| Centro catalogador/agencia de origen | CAM |
| Lengua de catalogación | spa |
| Centro/agencia transcriptor | CAM |
| 100 1# - ENTRADA PRINCIPAL--NOMBRE DE PERSONA | |
| Nombre de persona | Delanoüe, J. |
| 9 (RLIN) | 43314 |
| 245 10 - MENCIÓN DEL TÍTULO | |
| Título | Note sur la constitution géologique des environs de Thèbes / |
| Mención de responsabilidad, etc. | par M.J. Delanoüe. |
| 260 ## - PUBLICACIÓN, DISTRIBUCIÓN, ETC. | |
| Lugar de publicación, distribución, etc. | Paris : |
| Nombre del editor, distribuidor, etc. | Gauthier-Villars, |
| Fecha de publicación, distribución, etc. | [1868?] |
| 300 ## - DESCRIPCIÓN FÍSICA | |
| Extensión | 14 p. ; |
| Dimensiones | 25 cm. |
| 500 ## - NOTA GENERAL | |
| Nota general | Comptes rendus des séances de l'Académie des Sciences, t. LXVXII, p. 701, séance du 5 octobre 1868. |
| 650 #4 - PUNTO DE ACCESO ADICIONAL DE MATERIA--TÉRMINO DE MATERIA | |
| Término de materia o nombre geográfico como elemento de entrada | Geología- |
| Subdivisión geográfica | Egipto. |
| 9 (RLIN) | 157289 |
| 852 ## - LOCALIZACIÓN | |
| Ubicación | ES-MaACL |
| Número de control de estantería | T-898-F-1 |
| Nota libre | .- Legado de Federico de Botella y de Hornos |
| -- | .- Enc. en un vol. facticio falto de la cub. original |
| Estatus retirado | Estado de pérdida | Estado de daño | No para préstamo | Colección | Biblioteca de origen | Biblioteca actual | Ubicación en estantería | Fecha de adquisición | Fuente de adquisición | Total de préstamos | Signatura topográfica completa | Código de barras | Visto por última vez | Precio de reemplazo | Tipo de ítem Koha |
|---|---|---|---|---|---|---|---|---|---|---|---|---|---|---|---|
| Colección de folletos | Biblioteca del Ateneo de Madrid | Biblioteca del Ateneo de Madrid | Depósito folletos | 17/01/2008 | T-898-F-1 | 1051021 | 23/02/2023 | 23/02/2023 | Folleto |
